| 000 | 01548nam a2200193 i 4500 | ||
|---|---|---|---|
| 001 | 149434 | ||
| 003 | ES-MaACL | ||
| 005 | 20231227145138.0 | ||
| 007 | t| | ||
| 008 | 071022m19321953sp ||||1| spa d | ||
| 100 | 1 |
_aVázquez de Mella y Fanjul, Juan, _d1861-1928 _9113419 |
|
| 245 | 1 | 0 |
_aObras completas / _cdel Excmo. Sr. D. Juan Vázquez de Mella y Fanjul. |
| 250 | _a2ª ed. | ||
| 260 |
_aBarcelona, etc. : _bCasa Subirana, _c1932-1953. |
||
| 300 |
_a30 v. ; _c22 cm. |
||
| 505 | 8 | _aContiene: v. I: Selección de elocuencia e historia.- v. II: Ideario.- v. III: Ideario.- v. IV: Ideario.- v. V: La persecución religiosa y la Iglesia independiente del Estado.- v. VI: Discursos parlamentarios.- v. VII: Discursos parlamentarios.- v. VIII: Discursos parlamentarios.- v. IX: Discursos parlamentarios.- v. X: Discursos parlamentarios.- v. XI: Discursos parlamentarios.- v.XII: Dogmas nacionales.- v. XIII: Política general.- v. XIV: Política general.- v. XV: Política tradicionalista.- v. XVI: Política tradicionalista.- v. XVII: Crítica. - v. XVIII: Crítica.- v. XIX: Filosofía, teología apologética.- v. XX: Filosofía, teología apologética.- v. XXI: Filosofía, teología apologética.- v. XXII: Filosofía, teología apologética.- v. XXIII: Temas internacionales.- v. XXIV: Temas sociales.- v. XXV: Temas sociales.- v. XXVI: Regionalismo.- v. XXVII: Regionalismo.- v. XXVIII: El pensamiento de Mella.- v. XXIX: Florilegio.- v. XXX: Índices. | |
| 852 |
_aES-MaACL _jC-16131-60 _bR.44099 |
||
| 999 |
_c149434 _d149434 |
||